Atlas histórico universal / (Registro nro. 8958)

Detalles MARC
000 -LIDER
fixed length control field 00798nam a22002537a 4500
001 - NÚMERO DE CONTROL
Identificador de número de control
003 - IDENTIFICACDOR DE NÚMERO DE CONTROL
control field DO-SdBNP
005 - DATE AND TIME OF LATEST TRANSACTION
control field 20220526124955.0
008 - ELEMENTOS DE LONGITUD FIJA
fixed length control field 151005b1995 sp 00| 0 spa d
040 ## - FUENTE DE CATALOGACIÓN
Agencia que crea de manera original el registro BPMSU
Idioma de catalogación spa
Agencia que realiza la transcripción BPMSU
082 ## - NÚMERO DE CLASIFICACIÓN DECIMAL DE DEWEY
Classification number R909
Item number A881h 1995
Edition number 22
245 00 - MENCIÓN DE TITULO
Título Atlas histórico universal /
Mención de responsabilidad dirección Juan Avilés Farré ; ilustraciones Julio Rodríguez
260 ## - PUBLICACIÓN, DISTRIBUCIÓN, ETC. (PIE DE IMPRENTA)
Lugar de publicación, distribución, etc Madrid :
Nombre del editor, distribuidor, etc. El País/Agilar,
Fecha de publicación, distribución, etc 1995.
300 ## - DESCRIPCIÓN FÍSICA
Extensión 263 p. :
Otros detalles físicos il., retrs., mapa
Dimensiones 33 cm.
500 ## - NOTA GENERAL
Nota general Incluye índice de topónimos
500 ## - NOTA GENERAL
Nota general Incluye términos y conceptos históricos
590 ## - NOTA LOCAL
Enlace Inventariado, 2022/VM
650 #4 - ENCABEZAMIENTO DE MATERIA--TEMÁTICO
Término temático o nombre geográfico como elemento de entrada Historia universal
Subdivisión de forma Atlas.
650 #4 - ENCABEZAMIENTO DE MATERIA--TEMÁTICO
Término temático o nombre geográfico como elemento de entrada Geografía histórica.
700 12 - ASIENTO SECUNDARIO -- NOMBRE PERSONAL
Nombre personal Avilés Farré, Juan
Mención de responsabilidad dirección
910 ## - VALIDACIÓN
Validación VMateo V.
942 ## - ADDED ENTRY ELEMENTS (KOHA)
Source of classification or shelving scheme Dewey Decimal Classification
Koha item type Libros
956 ## - LOCAL ELECTRONIC LOCATION AND ACCESS (OCLC)
Nombre de host Yngrid Lockward
Existencias
Withdrawn status Lost status Source of classification or shelving scheme Damaged status Not for loan Collection code Home library Current library Date acquired Source of acquisition Full call number Barcode Date last seen Price effective from Koha item type Copy number
    Dewey Decimal Classification     Colección de Referencia General Biblioteca Pública Metropolitana Salomé Ureña Biblioteca Pública Metropolitana Salomé Ureña 11/30/2015 FUDI BPMSU CGR R909 A881h 1995 BPMSU15110543 11/30/2015 11/30/2015 Libros  
    Dewey Decimal Classification     Colección de Referencia General Biblioteca Pública Metropolitana Salomé Ureña Biblioteca Pública Metropolitana Salomé Ureña 11/30/2015 FUDI BPMSU CGR R909 A881h 1995 BPMSU22060040 05/26/2022 11/30/2015 Libros e.2